<?xml version="1.0" encoding="UTF-8"?>
<collection xmlns="http://www.loc.gov/MARC21/slim">
<record>
  <controlfield tag="001">109544</controlfield>
  <controlfield tag="005">20240926144639.0</controlfield>
  <datafield tag="020" ind1=" " ind2=" ">
    <subfield code="a">978-84-18321-29-0</subfield>
  </datafield>
  <datafield tag="024" ind1="7" ind2=" ">
    <subfield code="2">doi</subfield>
    <subfield code="a">10.26754/uz.978-84-18321-29-0</subfield>
  </datafield>
  <datafield tag="037" ind1=" " ind2=" ">
    <subfield code="a">BOOK-2022-001</subfield>
  </datafield>
  <datafield tag="041" ind1=" " ind2=" ">
    <subfield code="a">spa</subfield>
  </datafield>
  <datafield tag="100" ind1=" " ind2=" ">
    <subfield code="a">Javier Valenzuela, Francisco (Coord.)</subfield>
  </datafield>
  <datafield tag="245" ind1=" " ind2=" ">
    <subfield code="a">Impacto ambiental, social y económico de los proyectos de energías renovables eólicos y fotovoltaicos en Aragón</subfield>
  </datafield>
  <datafield tag="260" ind1=" " ind2=" ">
    <subfield code="a">Zaragoza</subfield>
    <subfield code="b">Prensas Universitarias de la Universidad de Zaragoza</subfield>
    <subfield code="c">2021</subfield>
  </datafield>
  <datafield tag="300" ind1=" " ind2=" ">
    <subfield code="a">706</subfield>
  </datafield>
  <datafield tag="520" ind1=" " ind2=" ">
    <subfield code="a">La preocupación por el medio ambiente se ha incrementado significativamente en las últimas décadas. Son múltiples las convenciones, protocolos, pactos y objetivos establecidos por las instituciones a nivel mundial para frenar los efectos del denominado cambio climático mediante la reducción de las emisiones de CO2 y Gases de efecto invernadero (GEI), así como para conseguir un modelo de crecimiento sostenible y respetuoso con el medio ambiente. A pesar de los efectos de la pandemia del COVID-19, las energías renovables alcanzaron un récord de nueva capacidad energética instalada en 2020 y fueron la única fuente de generación de electricidad que registró un aumento neto de la capacidad total. Con el aumento de la concentración atmosférica de CO2 a niveles récord, incluso cuando las emisiones han disminuido, cada vez es más evidente que se necesita un cambio estructural para alcanzar los objetivos climáticos y de desarrollo a largo plazo. Esta preocupación ha llevado a las instituciones, tanto europeas como nacionales, a poner en marcha una serie de medidas y objetivos a cumplir en el medio y largo plazo que afectan a varios sectores productivos delimitando sus emisiones de GEI a la hora de desarrollar su actividad y establecer medidas para incentivar la inversión que permita un crecimiento más sostenible medioambientalmente. A medida que las fuentes de energía renovables alcanzan la paridad en precios y rendimiento con las fuentes de energía convencionales, demuestran su capacidad para mejorar las redes y ganan cada vez más competitividad gracias a las nuevas tecnologías. Por otro lado, la demanda de energías renovables aumenta rápidamente. Las energías solar y eólica se encuentran actualmente muy cerca de cumplir las tres prioridades de los consumidores de energía: fiabilidad, asequibilidad y respeto del medio ambiente. Sin embargo, las energías renovables no solo benefician al planeta y contribuyen a reducir el impacto del cambio climático, sino que además se han convertido en un sector con gran capacidad de generar empleos y nuevas profesiones entre profesionales cualificados y empresas que utilizan las nuevas tecnologías para prestar servicios a plantas eólicas o fotovoltaicas...</subfield>
  </datafield>
  <datafield tag="856" ind1="0" ind2=" ">
    <subfield code="f">urdangar@unizar.es</subfield>
  </datafield>
  <datafield tag="856" ind1="4" ind2=" ">
    <subfield code="s">16274201</subfield>
    <subfield code="u">http://zaguan.unizar.es/record/109544/files/Informe_EERR.pdf</subfield>
  </datafield>
  <datafield tag="909" ind1="C" ind2="O">
    <subfield code="o">oai:zaguan.unizar.es:109544</subfield>
    <subfield code="p">books</subfield>
  </datafield>
  <datafield tag="980" ind1=" " ind2=" ">
    <subfield code="a">BOOK</subfield>
    <subfield code="b">INFORMES</subfield>
  </datafield>
</record>
</collection>